| 000 | 00869nac a22001691u 4500 | ||
|---|---|---|---|
| 008 | 080901t ua|||||r|||| 000 0 ara d | ||
| 082 |
_a260 _bق ا ش _222 |
||
| 110 |
_aWezarat Al Thakafa Wa Al Torath Al Shaabey _916407 |
||
| 245 |
_aشرح الأستاذ الفاضل والعالم الكامل الشيخ عبد الرازق القاشاني علي فصوص الحكم للأستاذ الأكبر الشيخ محي الدين بن العربي / _cعبد الرزاق القاشاني |
||
| 250 | _aط2 | ||
| 260 |
_aالقاهرة : _bمكتبة ومطبعة مصطفى البابي الحلبي ، _c1966. |
||
| 300 |
_a347 ص ؛ _c24 سم. |
||
| 500 | _aوبأسفل صحائفة حل المواضع الخفية من شرح بالي أفندي | ||
| 511 | _aCatalogued by: Sara | ||
| 541 |
_a؛الف باء _cشراء؛ |
||
| 942 |
_cBB _k260 ق ا ش _2ddc |
||
| 999 |
_c7412 _d7412 |
||